Mahabhoj - महाभोज (Record no. 211)

MARC details
000 -LEADER
fixed length control field 00857nam a22002897a 4500
001 - CONTROL NUMBER
control field 36303
003 - CONTROL NUMBER IDENTIFIER
control field Ost
005 - DATE AND TIME OF LATEST TRANSACTION
control field 20260507154551.0
008 - FIXED-LENGTH DATA ELEMENTS--GENERAL INFORMATION
fixed length control field 251113s9999||||xx |||||||||||||| ||eng||
020 ## - INTERNATIONAL STANDARD BOOK NUMBER
International Standard Book Number 9788183610926
040 ## - CATALOGING SOURCE
Transcribing agency nitttr
082 ## - DEWEY DECIMAL CLASSIFICATION NUMBER
Classification number 891.433
Item number BHA-M
100 ## - MAIN ENTRY--PERSONAL NAME
Personal name Mannu Bhandari - मन्नू भंडारी
245 #0 - TITLE STATEMENT
Title Mahabhoj - महाभोज
250 ## - EDITION STATEMENT
Edition statement 1st Ed.
260 ## - PUBLICATION, DISTRIBUTION, ETC.
Place of publication, distribution, etc. Delhi, India
Name of publisher, distributor, etc. Radhakrishna Prakashan
Date of publication, distribution, etc. 2021
300 ## - PHYSICAL DESCRIPTION
Extent 167 p.
650 ## - SUBJECT ADDED ENTRY--TOPICAL TERM
Topical term or geographic name entry element Class and caste issues
650 ## - SUBJECT ADDED ENTRY--TOPICAL TERM
Topical term or geographic name entry element Corrupt politics and bureaucracy
650 ## - SUBJECT ADDED ENTRY--TOPICAL TERM
Topical term or geographic name entry element Death and political exploitation
650 ## - SUBJECT ADDED ENTRY--TOPICAL TERM
Topical term or geographic name entry element Democracy and power dynamics
650 ## - SUBJECT ADDED ENTRY--TOPICAL TERM
Topical term or geographic name entry element Feast as metaphor (Mahabhoj)
650 ## - SUBJECT ADDED ENTRY--TOPICAL TERM
Topical term or geographic name entry element Media and political spectacle
650 ## - SUBJECT ADDED ENTRY--TOPICAL TERM
Topical term or geographic name entry element Social realism
650 ## - SUBJECT ADDED ENTRY--TOPICAL TERM
Topical term or geographic name entry element Political satire / political commentary
942 ## - ADDED ENTRY ELEMENTS (KOHA)
Koha item type Books
Holdings
Withdrawn status Lost status Damaged status Not for loan Home library Current library Date acquired Total checkouts Full call number Barcode Date last seen Price effective from Koha item type
        National Institute of Technical Teachers Training & Research National Institute of Technical Teachers Training & Research 05/07/2026   891.433 BHA-M 50217 05/07/2026 05/07/2026 Books